[Event "DVM U14w 2018"]
[Site "Neumünster GER"]
[Date "2018.12.29"]
[Round "6"]
[White "Schmidt, Pauline"]
[Black "Basovskiy, Jana"]
[Result "1-0"]
[Termination "normal"]
[Board "2.1"]
[WhiteElo "1504"]
[BlackElo "1768"]
[WhiteClock "00:25:02"]
[BlackClock "00:01:10"]
[WhiteTeam "SG Blau-Weiß Stadtilm"]
[BlackTeam "SF Sasbach"]
[PlyCount "73"]
[WhiteFideId "16209850"]
[BlackFideId "16208617"]
[EventCountry "GER"]
[EventRounds "7"]
[EventType "team-swiss"]
[EventDate "2018.12.26"]

1. e4 {[%clk 01:30:56]} {[%emt 00:00:02]} c5 {[%clk 01:30:57]} {[%emt
00:00:04]} 2. Nf3 {[%clk 01:31:22]} {[%emt 00:00:05]} e6 {[%clk 01:31:24]}
{[%emt 00:00:03]} 3. d4 {[%clk 01:31:43]} {[%emt 00:00:08]} cxd4 {[%clk
01:31:50]} {[%emt 00:00:04]} 4. Nxd4 {[%clk 01:32:06]} {[%emt 00:00:07]} Nc6
{[%clk 01:32:16]} {[%emt 00:00:04]} 5. Nxc6 {[%clk 01:32:25]} {[%emt 00:00:11]}
bxc6 {[%clk 01:32:27]} {[%emt 00:00:19]} 6. Bd3 {[%clk 01:32:46]} {[%emt
00:00:09]} d5 {[%clk 01:31:58]} {[%emt 00:01:00]} 7. Qe2 {[%clk 01:33:05]}
{[%emt 00:00:11]} Nf6 {[%clk 01:30:26]} {[%emt 00:02:01]} 8. Nd2 {[%clk
01:33:04]} {[%emt 00:00:31]} Be7 {[%clk 01:29:53]} {[%emt 00:01:03]} 9. b3
{[%clk 01:32:59]} {[%emt 00:00:36]} O-O {[%clk 01:29:37]} {[%emt 00:00:46]} 10.
Bb2 {[%clk 01:32:59]} {[%emt 00:00:29]} Qc7 {[%clk 01:27:30]} {[%emt 00:02:36]}
11. O-O {[%clk 01:32:57]} {[%emt 00:00:33]} Rd8 {[%clk 01:19:52]} {[%emt
00:08:07]} 12. e5 {[%clk 01:27:52]} {[%emt 00:05:36]} Nd7 {[%clk 01:17:39]}
{[%emt 00:02:42]} 13. c4 {[%clk 01:24:08]} {[%emt 00:04:15]} Ba6 {[%clk
01:07:19]} {[%emt 00:10:49]} 14. f4 {[%clk 01:17:17]} {[%emt 00:07:22]} Nc5
{[%clk 00:57:52]} {[%emt 00:09:54]} 15. Bc2 {[%clk 01:13:43]} {[%emt 00:04:07]}
d4 {[%clk 00:46:52]} {[%emt 00:11:30]} 16. Rf3 {[%clk 01:12:31]} {[%emt
00:01:42]} Qb6 {[%clk 00:43:19]} {[%emt 00:04:01]} 17. Kh1 {[%clk 01:10:33]}
{[%emt 00:02:30]} Nd7 {[%clk 00:38:45]} {[%emt 00:05:05]} 18. Rh3 {[%clk
01:09:36]} {[%emt 00:01:26]} g6 {[%clk 00:38:18]} {[%emt 00:00:57]} 19. g4
{[%clk 01:05:47]} {[%emt 00:04:19]} Bb7 {[%clk 00:34:16]} {[%emt 00:04:32]} 20.
Nf3 {[%clk 01:04:01]} {[%emt 00:02:16]} c5 {[%clk 00:29:04]} {[%emt 00:05:43]}
21. Kg1 {[%clk 01:02:33]} {[%emt 00:01:57]} Qc7 {[%clk 00:27:44]} {[%emt
00:01:48]} 22. Re1 {[%clk 00:59:01]} {[%emt 00:04:04]} a5 {[%clk 00:21:41]}
{[%emt 00:06:33]} 23. Qd2 {[%clk 00:52:41]} {[%emt 00:06:50]} Bc6 {[%clk
00:14:53]} {[%emt 00:07:19]} 24. f5 {[%clk 00:49:23]} {[%emt 00:03:48]} Bf8
{[%clk 00:10:25]} {[%emt 00:04:58]} 25. fxe6 {[%clk 00:44:25]} {[%emt
00:05:28]} fxe6 {[%clk 00:09:27]} {[%emt 00:01:28]} 26. Qe2 {[%clk 00:37:43]}
{[%emt 00:07:12]} Nb6 {[%clk 00:06:46]} {[%emt 00:03:12]} 27. Ng5 {[%clk
00:36:21]} {[%emt 00:01:51]} Qe7 {[%clk 00:06:32]} {[%emt 00:00:43]} 28. Nxh7
{[%clk 00:34:37]} {[%emt 00:02:15]} Be8 {[%clk 00:05:57]} {[%emt 00:01:05]} 29.
Nf6+ {[%clk 00:34:46]} {[%emt 00:00:21]} Kf7 {[%clk 00:05:26]} {[%emt
00:03:16]} 30. Rh7+ {[%clk 00:35:01]} {[%emt 00:02:12]} Bg7 {[%clk 00:05:50]}
{[%emt 00:00:06]} 31. Qf2 {[%clk 00:33:47]} {[%emt 00:01:42]} Kf8 {[%clk
00:02:39]} {[%emt 00:03:41]} 32. Rf1 {[%clk 00:29:14]} {[%emt 00:05:05]} Bf7
{[%clk 00:02:33]} {[%emt 00:00:35]} 33. Qh4 {[%clk 00:29:06]} {[%emt 00:00:39]}
Bxf6 {[%clk 00:01:27]} {[%emt 00:01:37]} 34. Rh8+ {[%clk 00:28:02]} {[%emt
00:01:33]} Bg8 {[%clk 00:01:25]} {[%emt 00:00:31]} 35. Bxg6 {[%clk 00:25:02]}
{[%emt 00:03:31]} Qg7 {[%clk 00:01:16]} {[%emt 00:00:40]} 36. Rxf6+ {[%clk
00:24:39]} {[%emt 00:00:52]} Ke7 {[%clk 00:01:10]} {[%emt 00:00:36]} 37. Rf7+
{[%clk 00:25:02]} {[%emt 00:00:06]} 1-0

[Event "DVM U14w 2018"]
[Site "Neumünster GER"]
[Date "2018.12.29"]
[Round "6"]
[White "Schneider, Katharina"]
[Black "Pflugradt, Natalie"]
[Result "1-0"]
[Termination "normal"]
[Board "2.2"]
[WhiteElo "1731"]
[BlackElo "1472"]
[WhiteClock "00:55:35"]
[BlackClock "00:13:18"]
[WhiteTeam "SF Sasbach"]
[BlackTeam "SG Blau-Weiß Stadtilm"]
[PlyCount "55"]
[WhiteFideId "16200519"]
[BlackFideId "16212444"]
[EventCountry "GER"]
[EventRounds "7"]
[EventType "team-swiss"]
[EventDate "2018.12.26"]

1. e4 {[%clk 01:30:56]} {[%emt 00:00:03]} e5 {[%clk 01:30:55]} {[%emt
00:00:05]} 2. Nf3 {[%clk 01:31:20]} {[%emt 00:00:06]} Nc6 {[%clk 01:31:19]}
{[%emt 00:00:06]} 3. Bc4 {[%clk 01:31:41]} {[%emt 00:00:08]} Bc5 {[%clk
01:31:38]} {[%emt 00:00:12]} 4. c3 {[%clk 01:32:04]} {[%emt 00:00:08]} Nf6
{[%clk 01:32:00]} {[%emt 00:00:07]} 5. d4 {[%clk 01:32:25]} {[%emt 00:00:09]}
exd4 {[%clk 01:32:23]} {[%emt 00:00:07]} 6. cxd4 {[%clk 01:32:48]} {[%emt
00:00:07]} Bb4+ {[%clk 01:32:38]} {[%emt 00:00:14]} 7. Bd2 {[%clk 01:33:04]}
{[%emt 00:00:15]} Bxd2+ {[%clk 01:32:55]} {[%emt 00:00:14]} 8. Nbxd2 {[%clk
01:33:28]} {[%emt 00:00:06]} d5 {[%clk 01:33:08]} {[%emt 00:00:17]} 9. exd5
{[%clk 01:33:54]} {[%emt 00:00:04]} Nxd5 {[%clk 01:33:29]} {[%emt 00:00:08]}
10. Qb3 {[%clk 01:34:13]} {[%emt 00:00:09]} Nce7 {[%clk 01:33:36]} {[%emt
00:00:25]} 11. O-O {[%clk 01:34:34]} {[%emt 00:00:09]} O-O {[%clk 01:34:01]}
{[%emt 00:00:05]} 12. Rfe1 {[%clk 01:34:59]} {[%emt 00:00:06]} c6 {[%clk
01:34:22]} {[%emt 00:00:09]} 13. a4 {[%clk 01:35:21]} {[%emt 00:00:08]} h6
{[%clk 01:26:10]} {[%emt 00:08:40]} 14. h3 {[%clk 01:29:47]} {[%emt 00:06:05]}
Qb6 {[%clk 01:20:49]} {[%emt 00:05:52]} 15. Qa3 {[%clk 01:29:14]} {[%emt
00:01:00]} Bf5 {[%clk 01:13:13]} {[%emt 00:08:08]} 16. Rxe7 {[%clk 01:14:45]}
{[%emt 00:14:58]} Nxe7 {[%clk 01:11:38]} {[%emt 00:02:05]} 17. Qxe7 {[%clk
01:15:07]} {[%emt 00:00:09]} Rae8 {[%clk 01:07:54]} {[%emt 00:04:14]} 18. Bxf7+
{[%clk 01:12:14]} {[%emt 00:03:23]} Rxf7 {[%clk 01:06:53]} {[%emt 00:01:31]}
19. Qxe8+ {[%clk 01:12:37]} {[%emt 00:00:07]} Rf8 {[%clk 01:07:17]} {[%emt
00:00:06]} 20. Qe3 {[%clk 01:10:12]} {[%emt 00:02:50]} Qc7 {[%clk 00:55:37]}
{[%emt 00:12:14]} 21. Re1 {[%clk 01:07:45]} {[%emt 00:02:56]} Bh7 {[%clk
00:24:34]} {[%emt 00:31:35]} 22. Qe6+ {[%clk 01:07:21]} {[%emt 00:00:51]} Kh8
{[%clk 00:23:26]} {[%emt 00:01:41]} 23. Qe7 {[%clk 01:05:17]} {[%emt 00:02:32]}
Qxe7 {[%clk 00:21:51]} {[%emt 00:02:08]} 24. Rxe7 {[%clk 01:05:40]} {[%emt
00:00:06]} Rb8 {[%clk 00:21:28]} {[%emt 00:00:52]} 25. Ne5 {[%clk 01:01:28]}
{[%emt 00:04:43]} Kg8 {[%clk 00:18:37]} {[%emt 00:03:17]} 26. Ndf3 {[%clk
00:58:28]} {[%emt 00:03:34]} a6 {[%clk 00:13:36]} {[%emt 00:05:31]} 27. Nd7
{[%clk 00:55:33]} {[%emt 00:03:23]} Rd8 {[%clk 00:13:18]} {[%emt 00:00:46]} 28.
Nc5 {[%clk 00:55:35]} {[%emt 00:00:29]} 1-0

[Event "DVM U14w 2018"]
[Site "Neumünster GER"]
[Date "2018.12.29"]
[Round "6"]
[White "Wilhelm, Anna-Lena"]
[Black "Schneider, Anna"]
[Result "1/2-1/2"]
[Termination "normal"]
[Board "2.3"]
[WhiteElo "1131"]
[BlackElo "1475"]
[WhiteClock "00:06:23"]
[BlackClock "01:02:49"]
[WhiteTeam "SG Blau-Weiß Stadtilm"]
[BlackTeam "SF Sasbach"]
[PlyCount "41"]
[WhiteFideId "16230094"]
[BlackFideId "16200527"]
[EventCountry "GER"]
[EventRounds "7"]
[EventType "team-swiss"]
[EventDate "2018.12.26"]

1. e4 {[%clk 01:30:59]} e5 {[%clk 01:30:52]} {[%emt 00:00:08]} 2. Nf3 {[%clk
01:31:23]} {[%emt 00:00:07]} Nc6 {[%clk 01:31:17]} {[%emt 00:00:05]} 3. Bc4
{[%clk 01:31:42]} {[%emt 00:00:11]} Bc5 {[%clk 01:31:39]} {[%emt 00:00:07]} 4.
c3 {[%clk 01:32:01]} {[%emt 00:00:11]} Nf6 {[%clk 01:32:02]} {[%emt 00:00:07]}
5. d4 {[%clk 01:32:23]} {[%emt 00:00:09]} exd4 {[%clk 01:32:22]} {[%emt
00:00:09]} 6. O-O {[%clk 01:32:46]} {[%emt 00:00:07]} d5 {[%clk 01:30:45]}
{[%emt 00:02:08]} 7. exd5 {[%clk 01:29:55]} {[%emt 00:03:22]} Nxd5 {[%clk
01:30:06]} {[%emt 00:01:08]} 8. Qb3 {[%clk 01:29:37]} {[%emt 00:00:48]} Nce7
{[%clk 01:29:57]} {[%emt 00:00:38]} 9. Qb5+ {[%clk 01:28:54]} {[%emt 00:01:13]}
c6 {[%clk 01:27:35]} {[%emt 00:02:52]} 10. Qxc5 {[%emt 00:00:35]} h6 {[%clk
01:26:18]} {[%emt 00:01:45]} 11. Qxd4 {[%clk 01:24:45]} {[%emt 00:04:37]} O-O
{[%clk 01:26:03]} {[%emt 00:00:45]} 12. Bd3 {[%clk 01:02:31]} {[%emt 00:22:44]}
Re8 {[%clk 01:22:12]} {[%emt 00:04:19]} 13. Re1 {[%clk 00:45:21]} {[%emt
00:17:41]} Be6 {[%clk 01:19:25]} {[%emt 00:03:17]} 14. Be4 {[%clk 00:34:04]}
{[%emt 00:11:47]} Qc7 {[%clk 01:17:50]} {[%emt 00:02:05]} 15. c4 {[%clk
00:11:34]} {[%emt 00:23:00]} Nf6 {[%clk 01:16:31]} {[%emt 00:01:48]} 16. Qd3
{[%clk 00:08:58]} {[%emt 00:03:03]} Rad8 {[%clk 01:14:48]} {[%emt 00:02:17]}
17. Nd4 {[%clk 00:08:52]} {[%emt 00:00:37]} Nxe4 {[%clk 01:06:38]} {[%emt
00:08:39]} 18. Qxe4 {[%clk 00:08:29]} {[%emt 00:00:53]} Bxc4 {[%clk 01:05:07]}
{[%emt 00:02:01]} 19. Qg4 {[%clk 00:07:47]} {[%emt 00:00:57]} Ng6 {[%clk
01:02:29]} {[%emt 00:03:23]} 20. Rxe8+ {[%clk 00:07:02]} {[%emt 00:01:15]} Rxe8
{[%clk 01:02:49]} {[%emt 00:00:09]} 21. Nf3 {[%clk 00:06:23]} {[%emt 00:01:02]}
1/2-1/2

[Event "DVM U14w 2018"]
[Site "Neumünster GER"]
[Date "2018.12.29"]
[Round "6"]
[White "Eisele, Lea Carolin"]
[Black "Stephan, Lia"]
[Result "0-1"]
[Termination "normal"]
[Board "2.4"]
[WhiteElo "930"]
[BlackElo "1098"]
[WhiteClock "01:12:54"]
[BlackClock "00:59:46"]
[WhiteTeam "SF Sasbach"]
[BlackTeam "SG Blau-Weiß Stadtilm"]
[PlyCount "68"]
[WhiteFideId "16255780"]
[BlackFideId "16230116"]
[EventCountry "GER"]
[EventRounds "7"]
[EventType "team-swiss"]
[EventDate "2018.12.26"]

1. e4 {[%clk 01:30:58]} e5 {[%clk 01:30:54]} {[%emt 00:00:08]} 2. Nf3 {[%clk
01:31:19]} {[%emt 00:00:08]} Nc6 {[%clk 01:31:14]} {[%emt 00:00:11]} 3. Nc3
{[%clk 01:31:42]} {[%emt 00:00:07]} Bc5 {[%clk 01:31:06]} {[%emt 00:00:38]} 4.
Bc4 {[%clk 01:32:04]} {[%emt 00:00:07]} Nf6 {[%clk 01:29:43]} {[%emt 00:01:54]}
5. d3 {[%clk 01:32:24]} {[%emt 00:00:10]} h6 {[%clk 01:30:05]} {[%emt
00:00:08]} 6. h3 {[%clk 01:32:45]} {[%emt 00:00:08]} d6 {[%clk 01:29:55]}
{[%emt 00:00:41]} 7. a3 {[%clk 01:29:28]} {[%emt 00:03:46]} Be6 {[%clk
01:29:35]} {[%emt 00:00:50]} 8. Be3 {[%clk 01:27:49]} {[%emt 00:02:08]} Nd4
{[%clk 01:21:40]} {[%emt 00:08:27]} 9. Bxe6 {[%clk 01:26:04]} {[%emt 00:02:14]}
fxe6 {[%clk 01:20:02]} {[%emt 00:02:08]} 10. Bd2 {[%clk 01:25:18]} {[%emt
00:01:15]} c6 {[%clk 01:11:04]} {[%emt 00:09:30]} 11. Na4 {[%clk 01:23:35]}
{[%emt 00:02:13]} Bb6 {[%clk 01:09:12]} {[%emt 00:02:22]} 12. c3 {[%clk
01:23:07]} {[%emt 00:00:57]} Nb5 {[%clk 01:08:24]} {[%emt 00:01:18]} 13. Qe2
{[%clk 01:22:20]} {[%emt 00:01:07]} Qc7 {[%clk 01:03:28]} {[%emt 00:05:37]} 14.
Nh4 {[%clk 01:18:45]} {[%emt 00:04:04]} O-O-O {[%clk 01:00:43]} {[%emt
00:03:15]} 15. O-O {[%clk 01:16:22]} {[%emt 00:02:52]} g5 {[%clk 01:00:07]}
{[%emt 00:01:07]} 16. Qf3 {[%clk 01:16:34]} {[%emt 00:00:17]} Qf7 {[%clk
00:58:42]} {[%emt 00:01:57]} 17. c4 {[%clk 01:16:35]} {[%emt 00:00:29]} Nd4
{[%clk 00:58:38]} {[%emt 00:00:33]} 18. Qg3 {[%clk 01:16:14]} {[%emt 00:00:51]}
Ne2+ {[%clk 00:58:51]} {[%emt 00:00:17]} 19. Kh1 {[%clk 01:16:12]} {[%emt
00:00:33]} Nxg3+ {[%clk 00:59:17]} {[%emt 00:00:04]} 20. Kg1 {[%clk 01:16:29]}
{[%emt 00:00:13]} Ne2+ {[%clk 00:59:40]} {[%emt 00:00:07]} 21. Kh1 {[%clk
01:16:50]} {[%emt 00:00:08]} gxh4 {[%clk 01:00:02]} {[%emt 00:00:09]} 22. Rae1
{[%clk 01:15:33]} {[%emt 00:01:46]} Nf4 {[%clk 00:59:41]} {[%emt 00:00:52]} 23.
Bxf4 {[%clk 01:15:51]} {[%emt 00:00:11]} exf4 {[%clk 00:59:56]} {[%emt
00:00:16]} 24. Nc3 {[%clk 01:14:06]} {[%emt 00:02:15]} Rdg8 {[%clk 00:59:38]}
{[%emt 00:00:48]} 25. Rg1 {[%clk 01:14:16]} {[%emt 00:00:19]} Bxf2 {[%clk
00:59:54]} {[%emt 00:00:15]} 26. Ref1 {[%clk 01:13:53]} {[%emt 00:00:52]} Bxg1
{[%clk 01:00:14]} {[%emt 00:00:10]} 27. Rxg1 {[%clk 01:14:17]} {[%emt
00:00:07]} Qg7 {[%clk 01:00:33]} {[%emt 00:00:11]} 28. Ne2 {[%clk 01:14:24]}
{[%emt 00:00:22]} Nh5 {[%clk 00:59:20]} {[%emt 00:01:43]} 29. g4 {[%clk
01:14:36]} {[%emt 00:00:18]} Ng3+ {[%clk 00:59:21]} {[%emt 00:00:30]} 30. Nxg3
{[%clk 01:14:03]} {[%emt 00:01:03]} fxg3 {[%clk 00:59:23]} {[%emt 00:00:28]}
31. b4 {[%clk 01:13:21]} {[%emt 00:01:11]} Rf8 {[%clk 00:59:23]} {[%emt
00:00:31]} 32. b5 {[%clk 01:13:09]} {[%emt 00:00:42]} Qb2 {[%clk 00:59:33]}
{[%emt 00:00:20]} 33. Rg2 {[%clk 01:12:30]} {[%emt 00:01:09]} Rf1+ {[%clk
00:59:46]} {[%emt 00:00:17]} 34. Rg1 {[%clk 01:12:54]} {[%emt 00:00:05]} Qh2#
{[%emt 00:00:04]} 0-1

[Event "DVM U14w 2018"]
[Site "Neumünster GER"]
[Date "2018.12.29"]
[Round "6"]
[White "Gehrke, Gina Celina"]
[Black "Brunner, Sophia"]
[Result "0-1"]
[Termination "normal"]
[Board "3.1"]
[WhiteElo "1366"]
[BlackElo "1755"]
[WhiteClock "01:13:06"]
[BlackClock "00:03:52"]
[WhiteTeam "SC Weisse Dame"]
[BlackTeam "SC Papenburg"]
[PlyCount "84"]
[WhiteFideId "16205979"]
[BlackFideId "12960683"]
[EventCountry "GER"]
[EventRounds "7"]
[EventType "team-swiss"]
[EventDate "2018.12.26"]

1. d4 {[%clk 01:30:57]} {[%emt 00:00:02]} d5 {[%clk 01:30:56]} {[%emt
00:00:05]} 2. e3 {[%clk 01:31:21]} {[%emt 00:00:06]} Nf6 {[%clk 01:31:09]}
{[%emt 00:00:17]} 3. Bd3 {[%clk 01:31:34]} {[%emt 00:00:16]} c5 {[%clk
01:31:18]} {[%emt 00:00:22]} 4. c3 {[%clk 01:31:52]} {[%emt 00:00:12]} Nc6
{[%clk 01:31:40]} {[%emt 00:00:08]} 5. f4 {[%clk 01:32:04]} {[%emt 00:00:18]}
Bg4 {[%clk 01:31:54]} {[%emt 00:00:16]} 6. Nf3 {[%clk 01:32:26]} {[%emt
00:00:08]} e6 {[%clk 01:31:37]} {[%emt 00:00:47]} 7. O-O {[%clk 01:31:40]}
{[%emt 00:01:16]} Bd6 {[%clk 01:31:19]} {[%emt 00:00:48]} 8. Qe1 {[%clk
01:31:48]} {[%emt 00:00:20]} O-O {[%clk 01:29:01]} {[%emt 00:02:50]} 9. Ne5
{[%clk 01:31:37]} {[%emt 00:00:40]} Bf5 {[%clk 01:26:56]} {[%emt 00:02:36]} 10.
Qe2 {[%clk 01:27:39]} {[%emt 00:04:27]} Bxd3 {[%clk 01:21:22]} {[%emt
00:06:05]} 11. Qxd3 {[%clk 01:27:52]} {[%emt 00:00:16]} Ne4 {[%clk 01:06:05]}
{[%emt 00:15:48]} 12. Nd2 {[%clk 01:24:55]} {[%emt 00:03:26]} f5 {[%clk
00:49:28]} {[%emt 00:17:08]} 13. Ndf3 {[%clk 01:22:02]} {[%emt 00:03:23]} Nxe5
{[%clk 00:46:57]} {[%emt 00:03:01]} 14. Nxe5 {[%clk 01:22:04]} {[%emt
00:00:28]} Bxe5 {[%clk 00:43:10]} {[%emt 00:04:17]} 15. fxe5 {[%clk 01:22:12]}
{[%emt 00:00:20]} c4 {[%clk 00:41:29]} {[%emt 00:02:13]} 16. Qe2 {[%clk
01:22:00]} {[%emt 00:00:41]} b5 {[%clk 00:37:59]} {[%emt 00:04:01]} 17. a3
{[%clk 01:21:57]} {[%emt 00:00:32]} a5 {[%clk 00:35:24]} {[%emt 00:03:05]} 18.
Bd2 {[%clk 01:22:02]} {[%emt 00:00:25]} Qb6 {[%clk 00:32:57]} {[%emt 00:02:58]}
19. g3 {[%clk 01:15:12]} {[%emt 00:07:20]} Rab8 {[%clk 00:30:48]} {[%emt
00:02:39]} 20. Be1 {[%clk 01:14:31]} {[%emt 00:01:09]} Ng5 {[%clk 00:21:46]}
{[%emt 00:09:33]} 21. Bf2 {[%clk 01:11:43]} {[%emt 00:03:16]} b4 {[%clk
00:16:49]} {[%emt 00:05:30]} 22. axb4 {[%clk 01:11:34]} {[%emt 00:00:39]} axb4
{[%clk 00:17:09]} {[%emt 00:00:10]} 23. Rfc1 {[%clk 01:10:15]} {[%emt
00:01:47]} b3 {[%clk 00:05:07]} {[%emt 00:12:34]} 24. Ra3 {[%clk 01:10:00]}
{[%emt 00:00:45]} Ra8 {[%clk 00:05:31]} {[%emt 00:00:06]} 25. Rca1 {[%clk
01:10:21]} {[%emt 00:00:08]} Qb7 {[%clk 00:04:25]} {[%emt 00:01:36]} 26. h4
{[%clk 01:09:51]} {[%emt 00:00:59]} Nf7 {[%clk 00:03:37]} {[%emt 00:01:19]} 27.
Ra4 {[%clk 01:09:13]} {[%emt 00:01:09]} Rxa4 {[%clk 00:03:32]} {[%emt
00:00:35]} 28. Rxa4 {[%clk 01:09:33]} {[%emt 00:00:09]} Ra8 {[%clk 00:04:00]}
{[%emt 00:00:03]} 29. Rxa8+ {[%clk 01:09:53]} {[%emt 00:00:10]} Qxa8 {[%clk
00:04:25]} {[%emt 00:00:05]} 30. Qd1 {[%clk 01:10:05]} {[%emt 00:00:16]} Qa2
{[%clk 00:03:13]} {[%emt 00:01:43]} 31. Be1 {[%clk 01:10:27]} {[%emt 00:00:07]}
Qxb2 {[%clk 00:03:26]} {[%emt 00:00:19]} 32. Bd2 {[%clk 01:10:43]} {[%emt
00:00:13]} Qa2 {[%clk 00:02:48]} {[%emt 00:01:08]} 33. Bc1 {[%clk 01:10:38]}
{[%emt 00:00:35]} b2 {[%clk 00:01:46]} {[%emt 00:01:32]} 34. Bxb2 {[%clk
01:10:53]} {[%emt 00:00:16]} Qxb2 {[%clk 00:02:13]} {[%emt 00:00:03]} 35. Qe1
{[%clk 01:11:13]} {[%emt 00:00:09]} Nd8 {[%clk 00:02:08]} {[%emt 00:00:35]} 36.
Kh1 {[%clk 01:11:25]} {[%emt 00:00:18]} Nc6 {[%clk 00:02:24]} {[%emt 00:00:14]}
37. Kg1 {[%clk 01:11:42]} {[%emt 00:00:13]} Nb8 {[%clk 00:02:49]} {[%emt
00:00:05]} 38. Kh1 {[%clk 01:12:00]} {[%emt 00:00:12]} Nd7 {[%clk 00:03:12]}
{[%emt 00:00:07]} 39. Kg1 {[%clk 01:12:22]} {[%emt 00:00:08]} Nb6 {[%clk
00:03:23]} {[%emt 00:00:20]} 40. Kh1 {[%clk 01:12:39]} {[%emt 00:00:12]} Na4
{[%clk 00:03:39]} {[%emt 00:00:15]} 41. Kg1 {[%clk 01:12:59]} {[%emt 00:00:09]}
Nxc3 {[%clk 00:03:37]} {[%emt 00:00:32]} 42. Kh1 {[%clk 01:13:06]} {[%emt
00:00:23]} Qb1 {[%clk 00:03:52]} {[%emt 00:00:16]} 0-1